00417cam a22001217a 4500008004000000082001500040100001500055245008000070260006000150300000900210500004000219650003600259180718b1984 xxu||||| |||| 00| 0 eng d aZ49x5 P973 aPuri, S.S. aSecond jawaharlal Nehru memorial IFFCO lecture on cooperationcby S.S. Puri aDelhibIndian Farmers Fertiliser Cooperative Ltd.c1984 a23p. aLecture delivered on 14th Nov. 1984 aAgriculture, Cooperative - Asia